Corazon / (Record no. 27621)

MARC details
000 -LEADER
fixed length control field 00506nam a22002057a 4500
001 - CONTROL NUMBER
control field sjds
003 - CONTROL NUMBER IDENTIFIER
control field sjds
005 - DATE AND TIME OF LATEST TRANSACTION
control field 20221224125134.0
008 - FIXED-LENGTH DATA ELEMENTS--GENERAL INFORMATION
fixed length control field 221224b sp ||||| |||| 00| 0 spa d
020 ## - INTERNATIONAL STANDARD BOOK NUMBER
International Standard Book Number 9788424301217
020 ## - INTERNATIONAL STANDARD BOOK NUMBER
International Standard Book Number 8424301218
040 ## - CATALOGING SOURCE
Transcribing agency sjds
041 ## - LANGUAGE CODE
Language code of text/sound track or separate title spa
100 1# - MAIN ENTRY--PERSONAL NAME
Personal name De Amicis, Edmondo
245 ## - TITLE STATEMENT
Title Corazon /
Statement of responsibility, etc. Edmondo De Amicis
260 ## - PUBLICATION, DISTRIBUTION, ETC. (IMPRINT)
Place of publication, distribution, etc. Bilbao, Spain :
Name of publisher, distributor, etc. Laida,
Date of publication, distribution, etc. c1970.
300 ## - PHYSICAL DESCRIPTION
Extent 128 pages :
Other physical details illustrations ;
Dimensions 20 cm
440 ## - SERIES STATEMENT/ADDED ENTRY--TITLE
Title Clasica Juvenil
942 ## - ADDED ENTRY ELEMENTS (KOHA)
Koha item type Libro/Book
Holdings
Withdrawn status Lost status Damaged status Not for loan Home library Current library Date acquired Inventory number Total Checkouts Total Renewals Full call number Barcode Checked out Date last seen Date checked out Price effective from Koha item type
        San Juan Del Sur -- Mobile La Cuesta 24/12/2022   2   JF 33017150 28/11/2023 25/10/2023 25/10/2023 24/12/2022 Libro/Book
        San Juan Del Sur -- Mobile Ostional 24/12/2022 Inventory date: 27-2-25 4 2 JFI 33017153 21/04/2026 17/03/2026 17/03/2026 24/12/2022 Libro/Book
        San Juan Del Sur -- Mobile San Juan Del Sur -- Biblioteca 24/12/2022   1 1 JF 33017156 08/05/2024 03/04/2024 03/04/2024 24/12/2022 Libro/Book
        San Juan Del Sur -- Mobile San Juan Del Sur -- Mobile 10/02/2023 Inventory date: 15-5-25     JF 30029593   10/02/2023   10/02/2023 Libro/Book

Powered by Koha